Az igényfelmérés szerepe a pénzügyi tanácsadásban
| Main Author: | |
|---|---|
| Other Authors: | |
| Format: | Project work |
| Kulcsszavak: | adótanácsadás fogyasztói igények gazdasági tanácsadás igénykielégítési folyamat karriertanácsadás üzleti tanácsadás |
| Online Access: | http://dolgozattar.uni-bge.hu/60133 |
MARC
| LEADER | 00000nnm a2200000 i 4500 | ||
|---|---|---|---|
| 001 | dolg60133 | ||
| 005 | 20260409150031.0 | ||
| 008 | 260409suuuu hu o 000 hun d | ||
| 040 | |a BGE Dolgozattár Repozitórium |b hun | ||
| 041 | |a hu | ||
| 100 | 1 | |a Fodor Balázs | |
| 245 | 1 | 3 | |a Az igényfelmérés szerepe a pénzügyi tanácsadásban |c Fodor Balázs |h [elektronikus dokumentum] |
| 516 | |a Project_work | ||
| 520 | 3 | |a A dolgozat a pénzügyi tanácsadási terület egyik legkritikusabb lépésével fogalkozik, az igények felmérésével. A magyar pénzügyi tanácsadói és közvetítői piac szereplőit mutatja be – független tanácsadóktól és közvetítőktől a banki és biztosítói tanácsadókig – valamint bemutatja a Nabucodonosor Solutions Kft. működését is, ahol a szakmai gyakorlatomat töltöttem. A kutatás célja feltérképezni, hogy hogyan befolyásolja az igényfelmérés minősége a tanácsadás hatékonyságát, valamint a jelenlévő előítéletek és kommunikaciós problémák feltárása. A kutatást online kérdőíves formában végeztem, melynek eredményeit statisztikusan elemeztem, összegeztem és levont következtetéseimet bemutattam. | |
| 695 | |a adótanácsadás | ||
| 695 | |a fogyasztói igények | ||
| 695 | |a gazdasági tanácsadás | ||
| 695 | |a igénykielégítési folyamat | ||
| 695 | |a karriertanácsadás | ||
| 695 | |a üzleti tanácsadás | ||
| 700 | 1 | |a Papp Judit |e ths | |
| 856 | 4 | 0 | |u http://dolgozattar.uni-bge.hu/60133/1/Z%C3%A1r%C3%B3dolgozat.pdf |z Dokumentum-elérés |
| 856 | 4 | 0 | |u http://dolgozattar.uni-bge.hu/60133/2/FODOR%20BAL%C3%81ZS%20KM%20FOSZK%20b%C3%ADr%C3%A1lati%20lap%20%281%29.pdf |z Dokumentum-elérés |